|
|
|
|
| LEADER |
01391nam a2200361Ia 4500 |
| 001 |
EBC3238168 |
| 003 |
MiAaPQ |
| 005 |
20200520144314.0 |
| 006 |
m o d | |
| 007 |
cr cn||||||||| |
| 008 |
121109s2013 si a sb 001 0 eng |
| 020 |
|
|
|z 9789814298988
|
| 020 |
|
|
|z 9789814298995
|
| 035 |
|
|
|a (MiAaPQ)EBC3238168
|
| 035 |
|
|
|a (Au-PeEL)EBL3238168
|
| 035 |
|
|
|a (CaPaEBR)ebr10614581
|
| 035 |
|
|
|a (OCoLC)923762444
|
| 040 |
|
|
|a MiAaPQ
|c MiAaPQ
|d MiAaPQ
|
| 043 |
|
|
|a a-cc---
|
| 050 |
|
4 |
|a HC427.95
|b .L6 2013
|
| 100 |
1 |
|
|a Lo, Chi,
|d 1960-
|
| 245 |
1 |
0 |
|a Thinking the inevitable
|h [electronic resource] :
|b China's economic superpower aspiration in the new paradigm /
|c Chi Lo.
|
| 246 |
3 |
0 |
|a China's economic superpower aspiration in the new paradigm
|
| 260 |
|
|
|a Singapore :
|b Enrich Professional Pub.,
|c 2013.
|
| 300 |
|
|
|a xxvi, 149 p. :
|b ill.
|
| 504 |
|
|
|a Includes bibliographical references and index.
|
| 533 |
|
|
|a Electronic reproduction. Ann Arbor, MI : ProQuest, 2015. Available via World Wide Web. Access may be limited to ProQuest affiliated libraries.
|
| 651 |
|
0 |
|a China
|x Economic conditions
|y 2000-
|
| 651 |
|
0 |
|a China
|x Economic policy
|y 2000-
|
| 651 |
|
0 |
|a China
|x Foreign economic relations.
|
| 655 |
|
4 |
|a Electronic books.
|
| 710 |
2 |
|
|a ProQuest (Firm)
|
| 856 |
4 |
0 |
|u https://ebookcentral.proquest.com/lib/matrademy/detail.action?docID=3238168
|z Click to View
|